|
|
|
|
| LEADER |
02424nam a2200637 a 4500 |
| 001 |
nkc20122392605 |
| 003 |
CZ PrNK |
| 005 |
20260320151042.0 |
| 007 |
ta |
| 008 |
120823s2014 xr abche 001 0dcze |
| 015 |
|
|
|a cnb002392605
|
| 020 |
|
|
|a 978-80-249-1992-8
|q (váz.)
|
| 035 |
|
|
|a (OCoLC)883369972
|
| 040 |
|
|
|a OLA001
|b cze
|
| 041 |
1 |
|
|a cze
|h ger
|
| 043 |
|
|
|a ec-----
|a ee-----
|a e-gx---
|
| 045 |
|
|
|a x4x4
|
| 072 |
|
7 |
|a 325
|x Mezinárodní migrace, exil, kolonizace
|2 Konspekt
|9 15
|
| 080 |
|
|
|a 314.151.1(=112.2)
|2 MRF
|
| 080 |
|
|
|a (=112.2)
|2 MRF
|
| 080 |
|
|
|a 314.151
|2 MRF
|
| 080 |
|
|
|a 94(100)"1939/1945"
|2 MRF
|
| 080 |
|
|
|a (4-191.2)+(4-11)
|2 MRF
|
| 080 |
|
|
|a (430)
|2 MRF
|
| 080 |
|
|
|a (0:82-96)
|2 MRF
|
| 080 |
|
|
|a (0:82-94)
|2 MRF
|
| 100 |
1 |
|
|a Knopp, Guido,
|d 1948-
|7 jn19990004472
|4 aut
|
| 245 |
1 |
0 |
|a Exodus :
|b [osud vyhnanců] /
|c Guido Knopp ; [z německého originálu ... přeložil Vladimír Čadský]
|
| 250 |
|
|
|a Vyd. 2.
|
| 260 |
|
|
|a Praha :
|b Ikar,
|c 2014
|
| 300 |
|
|
|a 430 s. :
|b il., mapy, portréty, faksim. ;
|c 21 cm
|
| 500 |
|
|
|a Obsahuje rejstřík
|
| 648 |
|
7 |
|a od 1945
|7 ch601408
|2 czenas
|
| 648 |
|
7 |
|a 1945-1948
|7 ch460655
|2 czenas
|
| 650 |
0 |
7 |
|a odsun Němců
|7 ph809856
|z Evropa střední a východní
|y 1945-1948
|2 czenas
|
| 650 |
0 |
7 |
|a Němci
|7 ph117943
|z Evropa střední a východní
|y 1945-1948
|2 czenas
|
| 650 |
0 |
7 |
|a nucené vystěhování
|7 ph123360
|z Evropa střední a východní
|y 1945-1948
|2 czenas
|
| 650 |
0 |
7 |
|a repatriace
|7 ph125141
|z Německo
|y od 1945
|2 czenas
|
| 650 |
0 |
7 |
|a druhá světová válka (1939-1945)
|7 ph117270
|2 czenas
|
| 650 |
0 |
9 |
|a displacement of Germans
|x population transfers
|y 1945-1948
|2 eczenas
|
| 650 |
0 |
9 |
|a Germans
|z Europe, Central and Eastern
|y 1945-1948
|2 eczenas
|
| 650 |
0 |
9 |
|a forced evictions
|z Europe, Central and Eastern
|y 1945-1948
|2 eczenas
|
| 650 |
0 |
9 |
|a repatriation
|z Germany
|y 1945-
|2 eczenas
|
| 650 |
0 |
9 |
|a World War (1939-1945)
|2 eczenas
|
| 655 |
|
7 |
|a literatura faktu
|7 fd132773
|2 czenas
|
| 655 |
|
7 |
|a vzpomínky
|7 fd133830
|2 czenas
|
| 655 |
|
9 |
|a non-fiction
|2 eczenas
|
| 655 |
|
9 |
|a reminiscences
|2 eczenas
|
| 700 |
1 |
|
|a Čadský, Vladimír
|7 jn20000810140
|4 trl
|
| 765 |
0 |
|
|t Grosse Flucht
|9 Česky
|
| 910 |
2 |
|
|a BOA001
|b 2-1327.954
|
| 928 |
9 |
|
|a Euromedia Group - Ikar
|
| 990 |
|
|
|a BK
|
| 995 |
|
|
|a 01
|
| 991 |
|
|
|b 201406
|c NOV
|e n
|
| 996 |
6 |
|
|b 2610592994
|c 2-1327.954
|l MZK
|r Sklad / do 1 hodiny
|n 0
|p p.v.
|w 001426370
|u 000010
|a 1
|e BOA001
|j MZK50
|s P
|